| 000 | 00445nam a2200193Ia 4500 | ||
|---|---|---|---|
| 008 | 170918s9999 xx 000 0 und d | ||
| 020 | _a9788184778090 | ||
| 050 | _bP481ra 2011 | ||
| 100 | _aPeters, Andrew | ||
| 245 | _aRavenwood / | ||
| 245 | _cby Andrew Peters. | ||
| 260 | _aUnited Kingdom : | ||
| 260 | _bScholastic, | ||
| 260 | _c2011 | ||
| 300 | _a349 pages : | ||
| 300 | _billustrations ; | ||
| 300 | _c21cm. | ||
| 500 | _a750 | ||
| 999 |
_c343925 _d343925 |
||